| 000 | 01949nam a22002777a 4500 | ||
|---|---|---|---|
| 001 | 1505 | ||
| 005 | 20231003094359.0 | ||
| 020 | _a9789924340591 | ||
| 040 |
_aFISKH _beng _cFISKH _dFISKH |
||
| 082 | _a793.3 | ||
| 100 | _aLabbe, Lucie | ||
| 245 |
_aរបាំបុរាណខ្មែរ / _cនិពន្ធ និងគូររូបដោយ Lucie Labbe |
||
| 250 | _aបោះពុម្ពលើកទី៣ មិថុនា ២០២២ | ||
| 260 |
_aPhnom Penh : _bSipar, _c2022. |
||
| 300 |
_a40 pages : _bcolor illustrations ; _c20 cm |
||
| 490 | _aខ្ញុំចង់ដឹង | ||
| 505 | _aZ' | ||
| 520 | _aរបាំបុរាណខ្មែរនឹងណែនាំអ្នកឱ្យស្គាល់ឯកសារពាក់ព័ន្ធនៃរបាំបុរាណរួមមានជីវិតរបស់អ្នករបាំ ការហ្វឹកហាត់កាយវិការ ប្រភេទរបាំ តួអង្គ និងការថ្វាយបង្គំ។ លក្ខណៈទាំងនោះនាំឱ្យរបាំបុរាណខ្មែរចុះក្នុងបញ្ជីបេតិកភណ្ឌអរូបីនៃមនុស្សជាតិក្នុងខែវិច្ឆិកា ឆ្នាំ២០០៣។ | ||
| 520 | _aKhmer classical dance will guide you to know related documents of classical dance including lives of dancers, training, gesture, type of dance, characters and worship. Those characteristics bring Khmer classical dance to be listed as a world intangible heritage of humanity in November 2003. | ||
| 521 |
_a1000
_bLexile estimate |
||
| 521 |
_aZ'
_bRaz-Plus |
||
| 650 |
_aរបាំបុរាណ _vកាយវិកា _xតួអង្គ |
||
| 650 |
_aClassical dance _vGesture _xCharacter |
||
| 700 |
_aLabbe, Lucie _cillustrator |
||
| 942 |
_2ddc _cBK _n0 |
||
| 999 |
_c1505 _d1505 |
||